000 00712nam a2200289Ia 4500
005 20260324141333.0
008 008 260324s9999 xx 000 0 eng d
020 _a9781315036564
037 _aEBOOK
040 _aCRL
040 _beng
040 _cCRL
041 _2eng
041 _aeng
084 _qCRL
100 _aNoah Lewin-Epstein; Paul Ritterband; Yaacov Ro'i
_91207818
245 0 _aRussian Jews on Three Continents
245 0 _bMigration and Resettlement
260 _bTaylor and Francis
260 _c1997
365 _a
365 _b230
856 _uhttp://www.taylorfrancis.com/books/9781315036564
942 _cEBOOK
999 _c1810790
_d1810790